000 00854nas a2200289 4500
001 BR2013010950
003 BR-BrBNA
005 20231205123538.0
007 ta
008 230509b bl.|||p| |||| 00| 00por d
040 _aBR-BrBNA
_bpor
_cBiblioteca Nacional de Agricultura
041 _a(Pt)
072 _aL70
100 1 _aCamargo Filho, O.B. de
100 1 _aPachaly, E.M.V.
100 1 _aCianca, R.C.
100 1 _aAndo, M.R.
100 1 _aPachaly, J.R.
245 1 _aExcisão de abscesso facial em coelho doméstico (Oryctolagus cuniculus)- relato de caso
650 _aCOELHO
650 _aABSCESSO
650 _aCIRURGIA
650 _aANESTESIA
773 0 _tA Hora Veterinária (Brazil)
_xISSN 00101-9163
_g(Sep-Oct 2013), v. 33(195) p. 12-16
_wBR2013010950
909 _a202311
_bLúcia
_c55
_dLúcia Elande
942 _2AGRIS
_n0
_cANA
999 _c234439
_d234439